000 00451pab a2200181 454500
008 180718b2014 xxu||||| |||| 00| 0 eng d
100 _aSuryavanshi, Priyanka
245 _aBiotechnology - An effective tool for food security in India
260 _c2014
300 _ap.42-46.
362 _aJun
650 _aFood supply - India
650 _aFood supply
700 _aSingh, Y.V.
773 _aKurukshetra
908 _aN
909 _a104458
999 _c104454
_d104454